Who’s the Daddy? ~ Mythology - Statistics

General Stats
  • This quiz has been taken 38 times
  • The average score is 9 of 15
Answer Stats
Hint Answer % Correct
Athena Zeus
100%
Thor Odin
93%
Triton Poseidon
83%
Fenrir Loki
80%
Horus Osiris
70%
Freya Njöror
67%
Phobos and Deimos Ares
60%
Anubis Set
60%
Amaterasu Izanagi
53%
Orestes Agamemnon
47%
Cu Chulainn Lugh
47%
Achilles Peleus
47%
Antigone Oedipus
40%
Emer Forgal
33%
Danae Acrisius
30%
No matching quizzes found
Score Distribution
Percent of People with Each Score
Percentile by Number Answered
Your Score History
You have not taken this quiz